Catalog

Record Details

Catalog Search



Jógové pohádky : pohybové chvilky v MŠ  Cover Image Book Book

Jógové pohádky : pohybové chvilky v MŠ / Vladimíra Ottomanská ; ilustrace Patricie Koubská

Record details

  • ISBN: 978-80-262-1805-0
  • Physical Description: 148 stran : ilustrace (převážně barevné) ; 23 cm
  • Edition: Vydání první
  • Publisher: Praha : Portál, 2022

Content descriptions

Bibliography, etc. Note:
Obsahuje bibliografii
Subject: předškolní výchova
hathajóga
pohybové hry
preschool education
hatha yoga
movement games
Genre: příběhy
metodické příručky
stories
methodological manuals

Available copies

  • 1 of 1 copy available at Common Catalog SPOK.

Holds

  • 0 current holds with 1 total copy.
Show Only Available Copies
Location Call Number / Copy Notes Barcode Shelving Location Status Due Date
Jabok Library Ped-3.5.1.2/O 424480045781 Odborná literatura Available -

LDR 01708nam a2200493 i 4500
00151317
003CZ-PrJAB
00520220502105418.0
007ta
008211004s2022 xr a e f 000 0 cze
015 . ‡acnb003325518
020 . ‡a978-80-262-1805-0 ‡q(brožováno)
035 . ‡a(CZ PrNK)nkc20213325518
035 . ‡a(OCoLC)1315530240
040 . ‡aABA001 ‡bcze ‡dOLA001 ‡dABA001 ‡erda
072 7. ‡a373.2/.3 ‡xPředškolní a primární výchova a vzdělávání ‡2Konspekt ‡922
080 . ‡a373.2 ‡2MRF
080 . ‡a796.012.62 ‡2MRF
080 . ‡a796.2 ‡2MRF
080 . ‡a(0:82-32) ‡2MRF
080 . ‡a(072) ‡2MRF
1001 . ‡aOttomanská, Vladimíra ‡7xx0235518 ‡4aut
24510. ‡aJógové pohádky : ‡bpohybové chvilky v MŠ / ‡cVladimíra Ottomanská ; ilustrace Patricie Koubská
250 . ‡aVydání první
264 1. ‡aPraha : ‡bPortál, ‡c2022
300 . ‡a148 stran : ‡bilustrace (převážně barevné) ; ‡c23 cm
336 . ‡atext ‡btxt ‡2rdacontent
336 . ‡astatický obraz ‡bsti ‡2rdacontent
337 . ‡abez média ‡bn ‡2rdamedia
338 . ‡asvazek ‡bnc ‡2rdacarrier
504 . ‡aObsahuje bibliografii
65007. ‡apředškolní výchova ‡7ph124887 ‡2czenas
65007. ‡ahathajóga ‡7ph114654 ‡2czenas
65007. ‡apohybové hry ‡7ph124204 ‡2czenas
65009. ‡apreschool education ‡2eczenas
65009. ‡ahatha yoga ‡2eczenas
65009. ‡amovement games ‡2eczenas
655 7. ‡apříběhy ‡7fd133204 ‡2czenas
655 7. ‡ametodické příručky ‡7fd132826 ‡2czenas
655 9. ‡astories ‡2eczenas
655 9. ‡amethodological manuals ‡2eczenas
7001 . ‡aKoubská, Patricie, ‡d1973- ‡7jn20001227121 ‡4ill
910 . ‡aABG312
950 . ‡aska
901 . ‡a51317 ‡bAUTOGEN ‡c51317 ‡tbiblio

Additional Resources